| 000 | 00468cam a2200181ua 4500 | ||
|---|---|---|---|
| 020 | _cRs.22.50 | ||
| 041 |
_aeng _h |
||
| 082 |
_a330.0162 _bBUR/EL |
||
| 100 | _aBurnham, T.H. | ||
| 245 |
_aElements of industrial organization / _cT.H Burnham. _hTextual Documents |
||
| 260 |
_aLondon : _bSir Isaac Pitman & Sons Ltd , _c1958. |
||
| 300 | _a330 ; . | ||
| 365 | _aRs.22.50 | ||
| 504 | _a | ||
| 700 | 1 | _aHoskins, G.O. | |
| 942 | _cBK | ||
| 999 |
_c1330 _d1330 |
||